000 00920pam a2200325 i 4500
999 _c983
_d983
001 016493976
003 Uk
005 20200218111047.0
008 130708r20132012enk 000 1 eng d
015 _aGBB381668
_2bnb
016 7 _a016493976
_2Uk
020 _a9780007536740 (paperback) :
040 _aStDuBDS
_beng
_cStDuBDS
_dUk
_erda
042 _aukblcatcopy
082 0 4 _aFIC ROT
_223
100 1 _aRoth, Veronica,
_eauthor.
245 1 0 _aInsurgent /
_cVeronica Roth.
264 1 _aLondon :
_bHarperCollins Children's Books,
_c2013.
300 _a525 pages ;
_c20 cm
336 _atext
_2rdacontent
337 _aunmediated
_2rdamedia
338 _avolume
_2rdacarrier
440 _aDivergent ;
_n2
500 _aOriginally published: London: HarperCollins Children's, 2012.
500 _aFormerly CIP.
_5Uk
521 1 _a13+.
530 _aAlso issued online.
655 0 _aDystopias.
942 _2ddc
_cFIC